000 00594nam a22002057a 4500
005 20241224122911.0
010 _aENG-142207
020 _c299.00
_a9788119524587
035 _aEN-125739
037 _bExceller Books
037 _bdbad
082 _a881
100 _aChaithanya, R. S.
_975619
245 _aSincerely Yours: Blushing Poetry/
_cby R. S. Chaithanya
260 _aKolkata
_bExceller Books
_c2024
270 _aG1 Dream Apartment, Degree College Road
_b Belgharia,Kolkata
300 _a51p.
_c21cm(pb)
490 _vPart I
942 _2ddc
_cEN
_mCHA
_h881
999 _c207929
_d207929